000 01713cam a22002538i 4500
999 _c7639
_d7639
020 _a9781137430359 (paperback)
050 0 0 _aHD2341
_b.B93
100 1 _aBurns, Paul,
245 1 0 _aEntrepreneurship and small business :
_bstart-up, growth and maturity /
_cPaul Burns.
250 _aFourth edition.
260 _aNew York :
_bPalgrave Macmillan,
_c2016.
300 _axliii, 540 pages ;
_bill.
_c28 cm
500 _aRevised edition of the author's Entrepreneurship and small business, 2011.
500 _aIncludes index.
505 8 _aMachine generated contents note: -- PART I: ENTREPRENEURSHIP -- 1. Entrepreneurship: The Social and Business Revolution -- 2. The Economics of Entrepreneurship and Public Policy -- 3. The Entrepreneurial Character -- 4. Discovering a Business Idea -- 5. Researching and Evaluating the Business Idea -- PART II: START-UP -- 6. Start-up: Developing Your Business Model -- 7. Adding Values to the Business Model -- 8. Launching the Business -- 9. Legal Foundations -- 10. Operations and Risk -- 11. Financial Management -- PART III: GROWTH -- 12. Growth: Building the Foundations -- 13. Strategies for Growth -- 14. Financing the Business -- 15. From Business Model to Business Plan -- PART IV: MATURITY -- 16. Maturity: Success and Failure -- 17. Family Business -- 18. From Entrepreneur to Entrepreneurial Leader -- 19. Corporate Entrepreneurship.
650 0 _aEntrepreneurship
_xStudy and teaching.
650 0 _aBusiness education.
650 0 _aSmall business
650 0 _aEntrepreneurship
650 7 _aBUSINESS & ECONOMICS / Entrepreneurship.
650 7 _aBUSINESS & ECONOMICS / Management.
650 7 _aBUSINESS & ECONOMICS / Small Business.
942 _cBK